000 00434nam a2200169Ia 4500
008 090711s9999 xx 000 0 und d
082 _b40047
100 _aभागवत शशी
245 _aमर्मभेद
260 _c1979
300 _a263
600 _aभागवत शशी
630 _aमर्मभेद
700 _aभागवत शशी
730 _aमर्मभेद
942 _cBOOK
999 _c330397
_d330397